000 00606nam a2200193Ii 4500
003 JO-AjNU
008 230605s9999||||xx |||||||||||||| ||und||
040 _aJO-AjNU
_bara
_erda
_cJO-AjNU
041 _aara
050 1 4 _aJF1358.H3.1982
100 3 _aالحلو، ماجد راغب,
_eauthor
_952891
245 0 0 _aعلم الادارة العامة
264 3 1 _aالإسكندرية: مؤسسة شباب الجامعة، 1982
300 _a258ص
336 _atext
_btxt
_2rdacontent
337 _aunmediated
_bn
_2rdamedia
338 _avolume
_bnc
_2rdacarrier
650 4 _aإدارة عامة
_952892
999 _aA23456
_c27024
_d27024